Word Ladder: Call of the Wild Quiz Stats

 Plays Quiz Updated Jul 22, 2012

Support Sporcle.
Go Orange.
Score 0/15 Timer 02:00
0 Plays Today
Clue Word % Correct
Musical based on La BohemeRENT
96.4%
Innocent, for onePOPE
95.8%
The smallest of a litterRUNT
93.1%
Where the sun setsWEST
92.1%
To be at peaceREST
90.6%
Type of glass for a pub beerPINT
88.3%
Type of kickPUNT
87.4%
To join metal togetherWELD
85.6%
Clue Word % Correct
A musical instrumentPIPE
85.3%
To long for somethingPINE
83.3%
A lumpWELT
80.2%
SoloLONE
78.7%
A wild canineWOLF
77.8%
An easy gaitLOPE
77%
Hilly areaWOLD
67.4%

Today's Daily Dose

Quick Pick
'P' Beverages

Get the Picture
Fictional Counts

You're not logged in!

Compare scores with friends on all Sporcle quizzes.
OR
Log In

From the Vault

Neither Starts Nor Ends (South America)

by stratus

The decoy marker may come in useful here.
Remove Ads.
Support Sporcle.
Get the best of Sporcle when you Go Orange. This ad-free experience offers more features, more stats, and more fun while also helping to support Sporcle. Thank you for becoming a member.

Show Comments

Extras

Top Quizzes Today


Score Distribution

Your Account Isn't Verified!

In order to create a playlist on Sporcle, you need to verify the email address you used during registration. Go to your Sporcle Settings to finish the process.

Report this User

Report this user for behavior that violates our Community Guidelines.

Details: